00422nam a2200169Ia 4500003000400000005001700004008004100021040000700062041000800069082001700077100003000094245002900124260005900153300001200212365000700224650002100231OSt20240517150836.0210719s1980 xx 000 0 und d cAL akan a378.06K MAIV aMAISURU VISHWAVIDYANILAYA aVarshika varadi 1979-80. aMaisuru.bMaisuru Vishwavidyanilaya Karyasauda.,c1980 a203bPB cRs aHigher Education